| 000 | 00351nam a22001337a 4500 | ||
|---|---|---|---|
| 082 |
_a624.1762 _bLUZ _cL-39, P-192 |
||
| 100 |
_aEEFIT _942978 |
||
| 245 |
_aThe luzon, Philippines earthquake of 1990 _cEEFIT |
||
| 260 |
_aLondon _bEEFIT _c1991 |
||
| 300 | _a103.p: | ||
| 526 |
_a0 _b0 _c0 _d624_176200000000000_LUZ |
||
| 650 |
_aMCE _9379 |
||
| 942 |
_2ddc _cBK |
||
| 999 |
_c546788 _d546788 |
||